000 00938nam a2200241 i 4500
001 115575
003 ES-MaACL
005 20250825003421.0
007 t|
008 070319m19071908sp ||||1| spa d
080 _a821.134.2-392(082.2)
245 0 0 _aLibros de caballerías /
_cpor Adolfo Bonilla y San Martín.
260 _aMadrid :
_bBailly-Baillière,
_c1907-1908.
300 _a2 v. ;
_c26 cm.
490 1 _aNueva biblioteca de autores españoles ;
_v6, 11
505 8 _aContiene: 1ª parte: Ciclo artúrico ; Ciclo carolingio.-- 2ª parte: Ciclo de los Palmerines ; Extravagantes ; Glosario ; Variantes ; Correcciones ; Indices
650 7 _aLibros de caballería españoles
_2embne
_914448
700 1 _aBonilla y San Martín, Adolfo,
_d1875-1926
_930193
830 0 _aNueva biblioteca de autores españoles ;
_v6, 11
_9186329
852 _aES-MaACL
_jC-30132
852 _aES-MaACL
_jC-30137
999 _c115575
_d115575